000 00976nam a2200313 a 4500
005 20200104041528.0
008 140304b2000 ck a gr|||| 00| 0 spa d
020 _a9589687857
040 _aCO-BoIAVH
_cCO-BoIAVH
041 _aspa
044 _ack
082 4 _a333.9516079
_bR17b
100 1 _aRamírez A., Juan Guillermo
_914819
245 1 _aBiodiversidad y sistemas de producción agrarios en zonas de colonización amazónica
260 _aBogotá
_bSINCHI
_bCOLCIENCIAS
_c2000
300 _a24 paginas.
_bilustraciones
_c24 x 17 cm.
650 6 _aBiodiversidad
_992204
650 4 _aSistemas de producción agrarios
_93532
650 6 _aVegetación
_953841
650 6 _aMicorrizas
_953842
650 6 _aEscarabajos coprófagos
_94177
650 6 _aMamíferos
_953843
650 6 _aAves
_953844
650 6 _aAmazonia
_9135
662 _aColombia
700 1 _aArias García, Juan Carlos
_914825
700 1 _aCárdenas L., Dairon
_91491
942 _cLIBRO
_2ddc
999 _c2161
_d2161